An Alabama songbook (Record no. 32704)
[ view plain ]
| 000 -LEADER | |
|---|---|
| fixed length control field | 01763nam a2200409 a 4500 |
| 245 03 - TITLE STATEMENT | |
| Title | An Alabama songbook |
| 260 ## - PUBLICATION, DISTRIBUTION, ETC. (IMPRINT) | |
| Place of publication | Tuscaloosa : |
| Name of publisher | University of Alabama Press, |
| Year of publication | c2004. |
| 300 ## - PHYSICAL DESCRIPTION | |
| Number of Pages | xxv, 299 p. : |
| Other physical details | music. |
| 500 ## - GENERAL NOTE | |
| General note | Unacc. melody lines with words; additional verses printed as text. |
| General note | Historical background given for each song. |
| 505 0# - FORMATTED CONTENTS NOTE | |
| Formatted contents note | pt. 1. Ballads -- pt. 2. Folksongs -- pt. 3. Spirituals. |
| 650 #0 - SUBJECT ADDED ENTRY--TOPICAL TERM | |
| Topical Term | Ballads, English |
| Topical Term | Folk songs, English |
| Topical Term | Spirituals (Songs) |
| 700 1# - ADDED ENTRY--PERSONAL NAME | |
| Personal name | Arnold, Byron, |
| Personal name | Halli, Robert William, |
| 856 40 - ELECTRONIC LOCATION AND ACCESS | |
| Uniform Resource Identifier | http://site.ebrary.com/lib/rucke/Doc?id=10745066 |
No items available.
